[Event "2nd American Continental"]
[Site "Buenos Aires ARG"]
[Date "2003.08.25"]
[Round "7"]
[White "Restuccia, Francisco"]
[Black "Mazziotti Irigoyen, Gabriel"]
[Result "1/2-1/2"]
[WhiteElo "2239"]
[BlackElo "2238"]
[EventDate "2003.08.17"]
[PlyCount "146"]

1.e4 e5 2.d4 exd4 3.Qxd4 Nc6 4.Qe3 Nf6 5.Nc3 Bb4 6.Bd2 O-O 7.O-O-O Re8 8.
Qg3 Rxe4 9.a3 Bd6 10.f4 Re8 11.Bd3 Bc5 12.Nf3 d6 13.f5 Be3 14.Bxe3 Rxe3 
15.Qf4 Re8 16.g4 Ne5 17.Nxe5 dxe5 18.Qf3 Bd7 19.Be4 Nxe4 20.Nxe4 Qc8 21.
Rhg1 Bc6 22.g5 Bxe4 23.Qxe4 g6 24.Rdf1 Qd7 25.fxg6 fxg6 26.Qc4+ Qe6 27.
Qxc7 Rec8 28.Qa5 b6 29.Qa6 Rc7 30.Kb1 Qc4 31.Qxc4+ Rxc4 32.Rg3 Rf8 33.Re1 
Rf2 34.c3 Rxh2 35.Rxe5 Rf4 36.Rd3 Rff2 37.Rb5 Rhg2 38.Rd7 Rf7 39.Rd4 Rf5 
40.Rd8+ Rf8 41.Rdd5 Rf7 42.a4 Rf1+ 43.Ka2 Rf3 44.Ka3 Rf1 45.a5 Ra1+ 46.Kb3
Rxa5 47.Rxa5 bxa5 48.Rxa5 a6 49.c4 Kf7 50.Kc3 Ke8 51.b3 Kd8 52.Kb4 Kc8 53.
Re5 Rg3 54.Ka4 Kb7 55.b4 Kc6 56.Re6+ Kb7 57.Re7+ Kc6 58.Re6+ Kb7 59.Re5 
Kc6 60.c5 Rg1 61.Re6+ Kb7 62.Re7+ Kc6 63.Rxh7 a5 64.bxa5 Rg4+ 65.Kb3 Rg3+ 
66.Kb4 Rg4+ 67.Kc3 Rg3+ 68.Kd4 Rg4+ 69.Kd3 Rxg5 70.a6 Rxc5 71.Rg7 Kb6 72.
Rxg6+ Ka7 73.Kd4 Ra5 1/2-1/2

[Event "2nd American Continental"]
[Site "Buenos Aires ARG"]
[Date "2003.08.25"]
[Round "7"]
[White "Roselli Mailhe, Bernardo"]
[Black "Perdomo, Leandro"]
[Result "1/2-1/2"]
[WhiteElo "2440"]
[BlackElo "2304"]
[EventDate "2003.08.17"]
[PlyCount "144"]

1.d4 Nf6 2.Nf3 g6 3.Nc3 d5 4.Bf4 Bg7 5.e3 O-O 6.Be2 c5 7.Ne5 Nc6 8.O-O Ne4
9.Nxe4 dxe4 10.Nxc6 bxc6 11.c3 Qb6 12.Qc2 cxd4 13.cxd4 Be6 14.b3 Bd5 15.
Rfc1 h6 16.h4 Rfc8 17.Bc4 Qb7 18.Bxd5 cxd5 19.Qb2 Bf8 20.Rxc8 Rxc8 21.Rc1 
Rc6 22.Rxc6 Qxc6 23.b4 a6 24.Qb3 e6 25.a3 Kg7 26.Kf1 Qb5+ 27.Kg1 Qc6 28.
Be5+ f6 29.Bg3 h5 30.Kh2 Be7 31.Bf4 Kf7 32.Bg3 Kg7 33.Qd1 Kf7 34.Kg1 Kg7 
35.Qd2 Qc4 36.Qb2 Qc6 37.Bf4 Kf7 38.Bb8 Qb7 39.Bg3 Qc6 40.Qb3 Qc1+ 41.Kh2 
Qc6 42.Bf4 Kg7 43.Qb2 Kf7 44.Bg3 Kg7 45.f4 Bd6 46.Be1 Kf7 47.Bc3 g5 48.
hxg5 fxg5 49.g3 g4 50.Kg2 Kg6 51.Kf2 Qa4 52.Ke1 Be7 53.Bd2 h4 54.Qc1 Qd7 
55.Qd1 Kf5 56.gxh4 Bxh4+ 57.Kf1 Qc6 58.Be1 Qc4+ 59.Kg1 Qd3 60.Qxd3 exd3 
61.Bd2 Ke4 62.Kg2 Bd8 63.Kg3 Kf5 64.a4 Bb6 65.Kf2 Ke4 66.b5 axb5 67.axb5 
Bc7 68.Kg3 Kf5 69.Bb4 Ke4 70.Bd2 Kf5 71.Kf2 Ke4 72.Kg3 Kf5 1/2-1/2

[Event "2nd American Continental"]
[Site "Buenos Aires ARG"]
[Date "2003.08.25"]
[Round "7"]
[White "Sagalchik, Olga"]
[Black "Hobaica, Juan Pablo"]
[Result "0-1"]
[WhiteElo "2111"]
[BlackElo "2281"]
[EventDate "2003.08.17"]
[PlyCount "66"]

1.d4 d5 2.c4 c6 3.Nc3 Nf6 4.Nf3 e6 5.Bg5 h6 6.Bh4 dxc4 7.a4 Bb4 8.Bxf6 
Qxf6 9.Ne5 b5 10.g3 Bb7 11.Bg2 Qe7 12.O-O a6 13.e3 O-O 14.f4 Bxc3 15.bxc3 
Qc7 16.Be4 Nd7 17.Bb1 c5 18.Qc2 f5 19.Ng6 Rf6 20.Ne5 Nxe5 21.fxe5 Rf7 22.
h3 cxd4 23.exd4 Rd8 24.g4 g6 25.Kh2 b4 26.Qc1 Kh7 27.Ra2 bxc3 28.Qxc3 fxg4
29.Raf2 Rf3 30.Rxf3 gxf3 31.Qc2 Qf7 32.Rg1 Rg8 33.Qxc4 f2 0-1

[Event "2nd American Continental"]
[Site "Buenos Aires ARG"]
[Date "2003.08.25"]
[Round "7"]
[White "Schneider, Dmitry"]
[Black "Zapata, Alonso"]
[Result "1/2-1/2"]
[WhiteElo "2425"]
[BlackElo "2543"]
[EventDate "2003.08.17"]
[PlyCount "111"]

1.c4 g6 2.Nc3 Bg7 3.g3 e5 4.Bg2 Nc6 5.d3 Nf6 6.Nf3 O-O 7.O-O d6 8.Rb1 a5 
9.a3 h6 10.b4 axb4 11.axb4 Be6 12.b5 Ne7 13.Bb2 Qd7 14.Re1 Bh3 15.Bh1 Ng4 
16.Qb3 f5 17.c5+ Kh7 18.cxd6 cxd6 19.Nd2 f4 20.Bf3 Rad8 21.Nd5 Nxd5 22.
Qxd5 Rf7 23.b6 Nf6 24.Qa5 Qe6 25.Ne4 d5 26.Nxf6+ Bxf6 27.Qa2 Bg5 28.Qb3 
Qf5 29.Rbc1 fxg3 30.hxg3 Bxc1 31.Rxc1 Bg4 32.Bxg4 Qxf2+ 33.Kh1 Qxg3 34.Bf3
Rxf3 35.exf3 Qxf3+ 36.Kg1 Qe3+ 37.Kh1 Qh3+ 38.Kg1 Qg4+ 39.Kh1 Qf3+ 40.Kg1 
Rf8 41.Qc2 g5 42.Qc7+ Kg6 43.Qxe5 Qf2+ 44.Kh1 Qh4+ 45.Kg1 Qg4+ 46.Kh1 Qh3+
47.Kg1 Kh5 48.Bd4 Qg4+ 49.Kh1 Rf3 50.Qe8+ Kh4 51.Qe1+ Rg3 52.Qf2 Kh5 53.
Qf7+ Kh4 54.Qf2 Kh5 55.Qf7+ Kh4 56.Qf2 1/2-1/2

[Event "2nd American Continental"]
[Site "Buenos Aires ARG"]
[Date "2003.08.25"]
[Round "7"]
[White "Soppe, Guillermo"]
[Black "Bronstein, Luis Marcos"]
[Result "0-1"]
[WhiteElo "2467"]
[BlackElo "2325"]
[EventDate "2003.08.17"]
[PlyCount "90"]

1.Nf3 Nf6 2.c4 c5 3.Nc3 Nc6 4.g3 g6 5.Bg2 Bg7 6.d4 cxd4 7.Nxd4 O-O 8.O-O 
Ng4 9.e3 d6 10.Nde2 Nge5 11.b3 Bg4 12.f3 Bf5 13.e4 Qb6+ 14.Kh1 Be6 15.Rb1 
f5 16.Nf4 Bf7 17.exf5 gxf5 18.Nfd5 Qd8 19.Bb2 Ng6 20.f4 e6 21.Ne3 Qb6 22.
Re1 Rad8 23.Na4 Qc7 24.Bxg7 Kxg7 25.Rb2 a6 26.Qa1 Kg8 27.Rf2 b5 28.cxb5 
axb5 29.Nc3 Qb6 30.g4 Nb4 31.gxf5 Nd3 32.Rfe2 Ngxf4 33.fxe6 Bxe6 34.Ned5 
Nxe2 35.Rxe2 Qc5 36.Ne7+ Kf7 37.Nc6 Rde8 38.Qf1+ Kg8 39.Qg1 Qg5 40.Nd5 Kh8
41.Nc7 Nf4 42.Rc2 Nxg2 43.Rxg2 Bd5 44.Qd4+ Re5 45.Nxd5 Rf1+ 0-1

[Event "2nd American Continental"]
[Site "Buenos Aires ARG"]
[Date "2003.08.25"]
[Round "7"]
[White "Sorin, Ariel"]
[Black "Cubas, Jose Fernando"]
[Result "1-0"]
[WhiteElo "2519"]
[BlackElo "2419"]
[EventDate "2003.08.17"]
[PlyCount "57"]

1.d4 d5 2.c4 c6 3.cxd5 cxd5 4.Nc3 Nf6 5.Bf4 Nc6 6.e3 Bf5 7.Nf3 e6 8.Bb5 
Bb4 9.Ne5 Qa5 10.O-O Bxc3 11.Bxc6+ bxc6 12.bxc3 Qa6 13.g4 Bg6 14.f3 Nd7 
15.Nxd7 Kxd7 16.Qb3 f6 17.e4 Qb6 18.Qa3 e5 19.Rab1 Qc7 20.dxe5 fxe5 21.Bg3
Rab8 22.Rbd1 Ke6 23.exd5+ cxd5 24.Rfe1 Qb6+ 25.Kh1 e4 26.f4 Rbf8 27.f5+ 
Bxf5 28.gxf5+ Rxf5 29.Rxe4+ 1-0

[Event "2nd American Continental"]
[Site "Buenos Aires ARG"]
[Date "2003.08.25"]
[Round "7"]
[White "Szmetan, Ricardo"]
[Black "Slipak, Sergio David"]
[Result "1/2-1/2"]
[WhiteElo "2288"]
[BlackElo "2497"]
[EventDate "2003.08.17"]
[PlyCount "106"]

1.d4 Nf6 2.Nf3 b6 3.c4 e6 4.a3 c5 5.d5 Ba6 6.Qc2 exd5 7.cxd5 g6 8.Nc3 Bg7 
9.e4 Bxf1 10.Kxf1 d6 11.g3 O-O 12.Kg2 Nbd7 13.h3 a6 14.a4 Rb8 15.Bf4 Qe7 
16.Rhe1 h6 17.Qd2 g5 18.Bxd6 Qxd6 19.e5 Qe7 20.d6 Qd8 21.exf6 Qxf6 22.Qe2 
Qxd6 23.Qxa6 Qc6 24.Qb5 Qxb5 25.axb5 Ra8 26.Rad1 Rfd8 27.Re7 Nf8 28.Rxd8 
Rxd8 29.Rb7 Rd6 30.Rb8 Kh7 31.Ne4 Rd3 32.Rxb6 Ne6 33.Rc6 Rb3 34.Nxc5 Rxb5 
35.Nxe6 fxe6 36.Rxe6 Rxb2 37.Re7 Kg6 38.Ne5+ Bxe5 39.Rxe5 Rb3 40.Re6+ Kg7 
41.Re3 Rb2 42.g4 Kf6 43.Kg3 Rb1 44.Ra3 Rg1+ 45.Kh2 Rb1 46.Kg2 Rc1 47.Kf3 
Re1 48.Ra6+ Kg7 49.Kg3 Rg1+ 50.Kh2 Rb1 51.Ra5 Rb4 52.Kg3 Rb3+ 53.f3 Kg6 
1/2-1/2

[Event "2nd American Continental"]
[Site "Buenos Aires ARG"]
[Date "2003.08.25"]
[Round "7"]
[White "Tempone, Marcelo"]
[Black "Kudrin, Sergey"]
[Result "1/2-1/2"]
[WhiteElo "2437"]
[BlackElo "2538"]
[EventDate "2003.08.17"]
[PlyCount "22"]

1.c4 g6 2.g3 Bg7 3.Bg2 c5 4.Nf3 Nc6 5.O-O b6 6.Nc3 Bb7 7.b3 e6 8.e3 Nge7 
9.d4 O-O 10.Bb2 cxd4 11.Nxd4 d5 1/2-1/2

[Event "2nd American Continental"]
[Site "Buenos Aires ARG"]
[Date "2003.08.25"]
[Round "7"]
[White "Urchipia, Carlos Daniel"]
[Black "Di Diego, Osvaldo"]
[Result "1/2-1/2"]
[WhiteElo "2173"]
[BlackElo "2061"]
[EventDate "2003.08.17"]
[PlyCount "101"]

1.Nf3 Nf6 2.g3 b6 3.Bg2 Bb7 4.c4 c5 5.O-O e6 6.Nc3 Be7 7.d4 cxd4 8.Qxd4 
Nc6 9.Qf4 d6 10.Rd1 a6 11.b3 Qc7 12.Ba3 Rd8 13.Rac1 Qb8 14.e4 O-O 15.Bb2 
h6 16.Rc2 Ba8 17.Rcd2 b5 18.cxb5 axb5 19.Bf1 b4 20.Na4 e5 21.Qe3 Na7 22.
Bd3 Bc6 23.Rc2 Qb7 24.Nd2 Bxa4 25.bxa4 Rc8 26.Rdc1 Nd7 27.Rxc8 Rxc8 28.
Rxc8+ Nxc8 29.Nb3 Bg5 30.Qe1 Bd8 31.Bb5 Nc5 32.Nxc5 dxc5 33.Bxe5 Qe7 34.
Bf4 Nd6 35.Bc6 Ba5 36.Qe2 c4 37.e5 c3 38.Qa6 Bc7 39.exd6 Bxd6 40.Qa8+ Kh7 
41.Be4+ g6 42.Be3 Bc5 43.Qc6 Bxe3 44.fxe3 f5 45.Bd5 Qxe3+ 46.Kg2 Qe2+ 47.
Kh3 Qh5+ 48.Kg2 Qe2+ 49.Kg1 Qe1+ 50.Kg2 Qe2+ 51.Kg1 1/2-1/2

[Event "2nd American Continental"]
[Site "Buenos Aires ARG"]
[Date "2003.08.25"]
[Round "7"]
[White "Vera Insfran, Jorge"]
[Black "Whatley, Andrew"]
[Result "1/2-1/2"]
[WhiteElo "2189"]
[BlackElo "2323"]
[EventDate "2003.08.17"]
[PlyCount "109"]

1.d4 d5 2.Bg5 c5 3.dxc5 f6 4.Bh4 e5 5.e4 d4 6.Bc4 Bxc5 7.Bxg8 Rxg8 8.Qh5+ 
Kf8 9.Nf3 Nc6 10.O-O g5 11.Bg3 Kg7 12.Nbd2 b6 13.Nb3 Qe8 14.Qxe8 Rxe8 15.
Rfd1 Bg4 16.c3 Bxf3 17.gxf3 dxc3 18.bxc3 Ba3 19.Rd5 Rad8 20.Rad1 Kf7 21.
Kf1 Rxd5 22.exd5 Ne7 23.Ke2 Rc8 24.Rd3 b5 25.Nd2 Rd8 26.c4 Bb4 27.cxb5 
Nxd5 28.Ne4 Ke6 29.h4 gxh4 30.Bh2 Nf4+ 31.Bxf4 Rxd3 32.Kxd3 exf4 33.Ke2 h6
34.a3 f5 35.axb4 fxe4 36.fxe4 h3 37.Kf1 Ke5 38.f3 Kd4 39.Kg1 Kc4 40.Kh2 
Kxb4 41.Kxh3 Kxb5 42.Kg4 a5 43.Kf5 a4 44.e5 a3 45.e6 Kc6 46.Kg6 Kd6 47.Kf7
a2 48.e7 a1=Q 49.e8=Q Qe5 50.Qb8+ Kd5 51.Qb5+ Kd4 52.Qb2+ Kd5 53.Qb5+ Kd6 
54.Qb8+ Kd5 55.Qb5+ 1/2-1/2

[Event "2nd American Continental"]
[Site "Buenos Aires ARG"]
[Date "2003.08.25"]
[Round "7"]
[White "Zambrana, Oswaldo"]
[Black "Franco Ocampos, Zenon"]
[Result "0-1"]
[WhiteElo "2404"]
[BlackElo "2520"]
[EventDate "2003.08.17"]
[PlyCount "98"]

1.e4 c5 2.Nf3 Nc6 3.d4 cxd4 4.Nxd4 Nf6 5.Nc3 d6 6.Bc4 Qb6 7.Nb3 e6 8.Bg5 
Ne5 9.Bb5+ Bd7 10.a4 Be7 11.O-O a6 12.Bxd7+ Nexd7 13.a5 Qc7 14.f4 O-O 15.
Qd3 Rfe8 16.Qg3 Nc5 17.Nxc5 Qxc5+ 18.Kh1 Nd7 19.Bxe7 Rxe7 20.Rfd1 Rc8 21.
Qd3 Rc6 22.Qd4 g6 23.Qxc5 Nxc5 24.Rd4 f5 25.exf5 gxf5 26.Rad1 d5 27.Kg1 
Kg7 28.Kf2 Kf6 29.Re1 Rec7 30.Rb4 Nd7 31.Ra1 Ke7 32.Ke3 Kd6 33.Kd3 h5 34.
Rd4 Nf6 35.Ke2 Rg7 36.g3 h4 37.Rg1 Rc5 38.Rb4 Kc7 39.Rb6 d4 40.Na4 Rxa5 
41.Rxe6 Nh5 42.Rh6 Nxf4+ 43.Kf3 Nh3 44.Ra1 b5 45.b4 Rxa4 46.Rxa4 bxa4 47.
Rxa6 Rg4 48.Rxa4 Ng5+ 49.Kg2 f4 0-1

[Event "2nd American Continental"]
[Site "Buenos Aires ARG"]
[Date "2003.08.26"]
[Round "8"]
[White "Aguilar, Mauricio"]
[Black "Restuccia, Francisco"]
[Result "1/2-1/2"]
[WhiteElo "2133"]
[BlackElo "2239"]
[EventDate "2003.08.17"]
[PlyCount "122"]

1.e4 e5 2.f4 exf4 3.Bc4 Nf6 4.Nc3 d5 5.exd5 Bd6 6.Nf3 O-O 7.O-O Bg4 8.d4 
Nbd7 9.Qd3 Re8 10.Bb3 Nh5 11.Nb5 Qf6 12.Nxd6 cxd6 13.Bd2 g5 14.Rae1 Bf5 
15.Qc3 Rec8 16.Qb4 g4 17.Ne5 dxe5 18.dxe5 Qb6+ 19.Qxb6 Nxb6 20.c3 Bd3 21.
Rf2 Rc5 22.Bxf4 Nxf4 23.Rxf4 h5 24.e6 fxe6 25.dxe6 Bc4 26.e7 Re8 27.Bxc4+ 
Nxc4 28.Re6 b5 29.a4 Re5 30.Rxe5 Nxe5 31.axb5 Rxe7 32.Rd4 Kf7 33.Kf2 Ke6 
34.Kg3 Kf5 35.h3 Kg5 36.Kf2 gxh3 37.gxh3 Kf5 38.Kg3 Rg7+ 39.Kf2 Rb7 40.c4 
a6 41.Rh4 Kg5 42.Re4 Nd3+ 43.Ke3 Nxb2 44.Kd4 axb5 45.Re5+ Kh4 46.cxb5 Na4 
47.Kc4 Nb6+ 48.Kb4 Nd7 49.Rd5 Nf6 50.Rf5 Rf7 51.b6 Kxh3 52.Ka5 Kg4 53.Rf1 
Kg5 54.Ka6 Rd7 55.Rg1+ Kf5 56.Kb5 Rd2 57.b7 Rb2+ 58.Kc6 Ne4 59.Rg8 Rc2+ 
60.Kb6 Rb2+ 61.Kc6 Rc2+ 1/2-1/2

[Event "2nd American Continental"]
[Site "Buenos Aires ARG"]
[Date "2003.08.26"]
[Round "8"]
[White "Bibiloni, Jorge Jaime"]
[Black "Sagalchik, Olga"]
[Result "0-1"]
[WhiteElo "2203"]
[BlackElo "2111"]
[EventDate "2003.08.17"]
[PlyCount "66"]

1.e4 c5 2.Nf3 d6 3.d4 cxd4 4.Qxd4 Nc6 5.Bb5 Bd7 6.Bxc6 Bxc6 7.c4 a6 8.Nc3 
e6 9.O-O Ne7 10.Bg5 f6 11.Bh4 Ng6 12.Bg3 Be7 13.b4 O-O 14.b5 axb5 15.cxb5 
Be8 16.a4 Qa5 17.Rfc1 Bf7 18.Nd2 e5 19.Qd3 Rfc8 20.h4 Rc5 21.Rc2 Rac8 22.
Rac1 Bf8 23.f3 h5 24.Kh2 Qb4 25.Bf2 Nf4 26.Qe3 Ne6 27.Qd3 Nd4 28.Nd5 Qxa4 
29.Nb6 Rxc2 30.Nxa4 Rxc1 31.Be3 R1c2 32.Kg3 Ra2 33.Nb3 Bxb3 0-1

[Event "2nd American Continental"]
[Site "Buenos Aires ARG"]
[Date "2003.08.26"]
[Round "8"]
[White "Bielicki, Carlos"]
[Black "Spangenberg, Hugo"]
[Result "0-1"]
[WhiteElo "2289"]
[BlackElo "2495"]
[EventDate "2003.08.17"]
[PlyCount "112"]

1.Nf3 d6 2.d4 Bg4 3.c4 Bxf3 4.exf3 g6 5.Nc3 Bg7 6.Be2 c6 7.d5 Nd7 8.O-O 
Nh6 9.Re1 O-O 10.Bg5 Re8 11.Rc1 Nf5 12.Bd3 Nd4 13.Qd2 Ne5 14.Qd1 Qb6 15.
Be3 c5 16.b3 a6 17.f4 Nxd3 18.Qxd3 Qa5 19.Bd2 Qa3 20.Rb1 b5 21.Bc1 Qa5 22.
Bd2 Qc7 23.Ne2 Rab8 24.Rec1 Qb7 25.Nc3 Qd7 26.h3 Rb7 27.Ne2 Reb8 28.Nxd4 
cxd4 29.Rc2 Qf5 30.Qxf5 gxf5 31.c5 d3 32.Rcc1 dxc5 33.Rxc5 Rd7 34.Bc3 Bxc3
35.Rxc3 Rxd5 36.Rd1 Rbd8 37.Kf1 R8d6 38.f3 h5 39.h4 f6 40.Kf2 Kf7 41.Rd2 
b4 42.Rc4 a5 43.Rc1 e5 44.Ke3 exf4+ 45.Kxf4 Rd4+ 46.Ke3 Rxh4 47.Rxd3 Rxd3+
48.Kxd3 Rh2 49.Rc2 h4 50.Re2 Kg6 51.Ke3 Kg5 52.Rd2 h3 53.f4+ Kg4 54.gxh3+ 
Rxh3+ 55.Kd4 Kxf4 56.Kc4 Re3 0-1

[Event "2nd American Continental"]
[Site "Buenos Aires ARG"]
[Date "2003.08.26"]
[Round "8"]
[White "Bronstein, Luis Marcos"]
[Black "Dolezal, Cristian"]
[Result "1/2-1/2"]
[WhiteElo "2325"]
[BlackElo "2410"]
[EventDate "2003.08.17"]
[PlyCount "238"]

1.e4 e6 2.d4 d5 3.Nd2 Nf6 4.e5 Nfd7 5.Bd3 c5 6.c3 Nc6 7.Ngf3 Be7 8.O-O a5 
9.Re1 c4 10.Bc2 b5 11.Nf1 Nb6 12.h4 Bd7 13.Ng5 Bxg5 14.Bxg5 Ne7 15.Ng3 h6 
16.Bd2 Nf5 17.Qg4 h5 18.Nxh5 Qxh4 19.Bxf5 Qxh5 20.Qxh5 Rxh5 21.g4 Rh8 22.
Bc2 f6 23.Kg2 Kf7 24.Kg3 Nc8 25.Rh1 Ne7 26.Rxh8 Rxh8 27.exf6 gxf6 28.a4 
bxa4 29.Bxa4 Bxa4 30.Rxa4 Nc6 31.Ra1 Rb8 32.Bc1 Kg6 33.f4 Rb5 34.Kf3 Rb3 
35.Ke2 Rb8 36.Kf3 Rh8 37.Kg2 Rh4 38.g5 Rh7 39.Bd2 Rb7 40.Bc1 Rb3 41.Ra2 
Kf5 42.Ra1 Rb5 43.Kg3 Nd8 44.Kf3 Nf7 45.Ke2 fxg5 46.fxg5 Nxg5 47.Bxg5 Kxg5
48.Ra2 Kf4 49.Kd2 Rb8 50.Kc2 Ra8 51.Ra1 Kf5 52.Rf1+ Kg6 53.Kb1 a4 54.Kc2 
a3 55.bxa3 Rxa3 56.Kb2 Ra7 57.Rf2 Rf7 58.Re2 Kf6 59.Kc2 Ke7 60.Kb2 Kd6 61.
Kc2 Rf4 62.Rh2 Kc6 63.Kd2 Kb5 64.Kc2 Ka4 65.Kb2 Rf8 66.Re2 Rb8+ 67.Kc2 Rb6
68.Re1 Kb5 69.Kb2 Kc6+ 70.Kc2 Kd6 71.Rh1 Rb8 72.Rh2 Rg8 73.Rf2 Rg6 74.Rh2 
Ke7 75.Rf2 Rf6 76.Rh2 Rf4 77.Rg2 Kf6 78.Re2 Re4 79.Rf2+ Kg5 80.Kd2 Kg4 81.
Rf6 Kg3 82.Rg6+ Kf4 83.Rf6+ Kg5 84.Rf2 Rg4 85.Re2 Kf6 86.Rf2+ Ke7 87.Re2 
Rg5 88.Kc2 Rg1 89.Kb2 Rg5 90.Kc2 e5 91.dxe5 Ke6 92.Kb2 Rxe5 93.Rh2 Re3 94.
Kc2 Kd6 95.Rg2 Kc5 96.Rh2 Kb5 97.Rg2 Ka4 98.Kb2 Re6 99.Rd2 Rb6+ 100.Kc2 
Rb5 101.Rd1 Ka5 102.Ra1+ Kb6 103.Ra8 Ra5 104.Rd8 Kc7 105.Rh8 Ra2+ 106.Kb1 
Re2 107.Rh6 Kd7 108.Kc1 Re6 109.Rh2 Ra6 110.Kb2 Kc6 111.Rg2 Kb5 112.Rd2 
Rc6 113.Rxd5+ Ka4 114.Rd2 Rb6+ 115.Kc2 Ka3 116.Rd4 Rb2+ 117.Kc1 Kb3 118.
Rxc4 Ra2 119.Rc8 Rc2+ 1/2-1/2

[Event "2nd American Continental"]
[Site "Buenos Aires ARG"]
[Date "2003.08.26"]
[Round "8"]
[White "Cordero, Alfredo"]
[Black "Alvarez, Hector"]
[Result "1-0"]
[WhiteElo "2323"]
[BlackElo "2216"]
[EventDate "2003.08.17"]
[PlyCount "51"]

1.e4 Nf6 2.d3 c5 3.Nf3 e6 4.Be2 d5 5.Nbd2 Nc6 6.c3 b6 7.e5 Nd7 8.d4 f6 9.
exf6 Qxf6 10.Qa4 Bb7 11.O-O Bd6 12.Ba6 b5 13.Qxb5 Nd8 14.Bxb7 Rb8 15.dxc5 
Rxb7 16.Qa6 Bxc5 17.Nb3 e5 18.Nxc5 Nxc5 19.Qa5 Qd6 20.Nxe5 Rb6 21.Be3 Ndb7
22.Bxc5 Nxc5 23.b4 Ne4 24.Qa4+ Ke7 25.Qxa7+ Ke6 26.Qf7+ 1-0

[Event "2nd American Continental"]
[Site "Buenos Aires ARG"]
[Date "2003.08.26"]
[Round "8"]
[White "Crosa Coll, Martin"]
[Black "Huertas Soris, Ramon"]
[Result "1-0"]
[WhiteElo "2412"]
[BlackElo "2288"]
[EventDate "2003.08.17"]
[PlyCount "61"]

1.e4 e6 2.d4 d5 3.Nc3 Nc6 4.Nf3 Nf6 5.Bg5 Be7 6.exd5 exd5 7.Bb5 O-O 8.O-O 
Nb8 9.Ne5 c6 10.Bd3 Ne8 11.Bxe7 Qxe7 12.Re1 Qf6 13.Re3 Nd6 14.Qd2 Qh6 15.
Rae1 f6 16.Nf3 Bf5 17.Qe2 Bxd3 18.cxd3 Na6 19.Re7 Rad8 20.Qe6+ Kh8 21.Rd7 
f5 22.Qxh6 gxh6 23.Ree7 Rxd7 24.Rxd7 Rf6 25.Ne5 Kg8 26.a3 f4 27.b4 Re6 28.
Ne2 Nb5 29.Nxf4 Rd6 30.Rxb7 Nxa3 31.Rxa7 1-0

[Event "2nd American Continental"]
[Site "Buenos Aires ARG"]
[Date "2003.08.26"]
[Round "8"]
[White "Demaria, Juan Pablo"]
[Black "Echeguren, Gustavo"]
[Result "1-0"]
[WhiteElo "2242"]
[BlackElo "2091"]
[EventDate "2003.08.17"]
[PlyCount "93"]

1.e4 c5 2.Nf3 d6 3.d4 cxd4 4.Nxd4 Nf6 5.Nc3 a6 6.Bg5 e6 7.f4 Qb6 8.Nb3 Qc7
9.Bxf6 gxf6 10.Qh5 Nc6 11.f5 b5 12.fxe6 Bxe6 13.O-O-O Rc8 14.Nd5 Bxd5 15.
exd5 Nb4 16.c3 Nxa2+ 17.Kb1 Nxc3+ 18.bxc3 Qxc3 19.Qe2+ Kd8 20.Qb2 Rg8 21.
Qxc3 Rxc3 22.Kb2 Rc8 23.Nd4 Rc5 24.Nb3 Rc8 25.g3 Rg5 26.Bg2 f5 27.Rhf1 
Bg7+ 28.Kb1 Rc4 29.Rd3 Rb4 30.h4 Rgg4 31.Kc2 a5 32.Bh3 Rgc4+ 33.Kd2 a4 34.
Na5 Bh6+ 35.Ke2 Rb2+ 36.Kf3 Rcc2 37.Nc6+ Kc7 38.Bxf5 b4 39.Rd4 Rc3+ 40.Kg4
Bg7 41.Rxb4 Rxb4+ 42.Nxb4 Be5 43.Nd3 Rc4+ 44.Kh3 Bc3 45.Rf2 a3 46.Ra2 Ra4 
47.Bxh7 1-0

[Event "2nd American Continental"]
[Site "Buenos Aires ARG"]
[Date "2003.08.26"]
[Round "8"]
[White "Dobson Aguilar, Luis"]
[Black "Aguilar, Andres"]
[Result "1-0"]
[WhiteElo "2330"]
[BlackElo "2204"]
[EventDate "2003.08.17"]
[PlyCount "67"]

1.e4 c5 2.Nf3 Nc6 3.d4 cxd4 4.Nxd4 Nf6 5.Nc3 d6 6.Bc4 e6 7.Be3 a6 8.Qe2 
Qc7 9.O-O-O Be7 10.Bb3 Bd7 11.Rhg1 b5 12.g4 b4 13.Na4 Na5 14.f3 Nxb3+ 15.
axb3 Bxa4 16.bxa4 O-O 17.g5 Nd7 18.Nb3 Qc6 19.a5 Rfc8 20.Bd4 Rc7 21.Kb1 
Nc5 22.h4 Qb5 23.Qe3 Rac8 24.g6 hxg6 25.h5 Nxb3 26.cxb3 Qxh5 27.Rh1 Qg5 
28.f4 Qg2 29.Ka2 Rc3 30.Bxc3 bxc3 31.Rb1 cxb2 32.Qh3 Qxh3 33.Rxh3 Bf6 34.
Rbh1 1-0

[Event "2nd American Continental"]
[Site "Buenos Aires ARG"]
[Date "2003.08.26"]
[Round "8"]
[White "Dorin, Mauricio"]
[Black "Gonzalez Garcia, Jose"]
[Result "1/2-1/2"]
[WhiteElo "2395"]
[BlackElo "2429"]
[EventDate "2003.08.17"]
[PlyCount "96"]

1.e4 c5 2.c3 e6 3.d4 d5 4.exd5 exd5 5.Be3 cxd4 6.Bxd4 a6 7.Be2 Nc6 8.Bf3 
Nxd4 9.Qxd4 Nf6 10.Ne2 Bd6 11.Qe3+ Kf8 12.h3 Qc7 13.O-O Bd7 14.Nd4 Re8 15.
Qd3 g6 16.Nd2 Kg7 17.Rfe1 h5 18.Nf1 b5 19.Rxe8 Rxe8 20.Ne3 Re5 21.Rd1 Bc5 
22.a3 h4 23.Bg4 Nxg4 24.hxg4 Bc8 25.Ndc2 Bb7 26.Qe2 Ba7 27.Nd4 Re4 28.Qf3 
Qe5 29.Qh3 Bxd4 30.cxd4 Rxd4 31.Rxd4 Qxd4 32.Qxh4 Bc8 33.Qg5 Qxb2 34.Qxd5 
Be6 35.Qc5 a5 36.Nc2 Qc1+ 37.Kh2 Qf4+ 38.Kg1 Qc4 39.Qe5+ f6 40.Qb2 Qxg4 
41.Nd4 Bc4 42.Qc3 Qd1+ 43.Kh2 Qh5+ 44.Kg1 Qe5 45.a4 Bf7 46.Nxb5 Qxc3 47.
Nxc3 f5 48.f4 g5 1/2-1/2

[Event "2nd American Continental"]
[Site "Buenos Aires ARG"]
[Date "2003.08.26"]
[Round "8"]
[White "Santos, Francisco Jose dos"]
[Black "Romero, Leandro"]
[Result "1-0"]
[WhiteElo "2193"]
[BlackElo "2096"]
[EventDate "2003.08.17"]
[PlyCount "45"]

1.e4 e5 2.Nc3 Nf6 3.g3 Bc5 4.Bg2 d6 5.h3 Nc6 6.d3 Be6 7.Bg5 Qd7 8.Qd2 h6 
9.Be3 Bxe3 10.fxe3 O-O-O 11.Nd5 Ne7 12.c4 c6 13.Rc1 cxd5 14.cxd5+ Kb8 15.
dxe6 Qxe6 16.Ne2 Qxa2 17.O-O Qb3 18.Rc3 Qb6 19.Ra1 Nc6 20.b4 a6 21.b5 axb5
22.Qa2 Qxe3+ 23.Kf1 1-0

[Event "2nd American Continental"]
[Site "Buenos Aires ARG"]
[Date "2003.08.26"]
[Round "8"]
[White "Estay Torreblanca, Oscar"]
[Black "Jorge, Cristian"]
[Result "0-1"]
[WhiteElo "2231"]
[BlackElo "2148"]
[EventDate "2003.08.17"]
[PlyCount "70"]

1.Nf3 d5 2.d4 Bf5 3.c4 e6 4.Nc3 c6 5.Qb3 Qb6 6.c5 Qxb3 7.axb3 Na6 8.e4 Nb4
9.Ra4 Nc2+ 10.Kd2 dxe4 11.Nh4 Nxd4 12.Rxd4 Bxc5 13.Nxf5 exf5 14.Ra4 Bxf2 
15.Ke2 Bb6 16.Be3 Bxe3 17.Kxe3 Nf6 18.Be2 O-O 19.Rd1 Rfe8 20.g3 g6 21.Rad4
Kg7 22.b4 a6 23.h3 Re7 24.Bc4 h5 25.Be2 Rh8 26.h4 Rhe8 27.Rd6 Re6 28.R6d4 
R6e7 29.R1d2 Re6 30.Bc4 Ng4+ 31.Ke2 R6e7 32.Nd1 Ne5 33.Rc2 Nf3 34.Rd6 Ne5 
35.Ne3 Kf8 0-1

[Event "2nd American Continental"]
[Site "Buenos Aires ARG"]
[Date "2003.08.26"]
[Round "8"]
[White "Estrada Nieto, Julian"]
[Black "Chtcherbine, Andrei"]
[Result "1-0"]
[WhiteElo "2332"]
[BlackElo "2156"]
[EventDate "2003.08.17"]
[PlyCount "87"]

1.e4 c5 2.Nf3 Nc6 3.Bb5 e6 4.O-O Nge7 5.Re1 a6 6.Bf1 d5 7.exd5 Nxd5 8.d4 
Be7 9.c4 Nf6 10.dxc5 O-O 11.Nc3 Bxc5 12.Qxd8 Rxd8 13.Bg5 b6 14.Na4 Bb7 15.
Nxc5 bxc5 16.Ne5 Nxe5 17.Rxe5 Rac8 18.Ree1 h6 19.Bf4 Ne4 20.Red1 f6 21.f3 
Ng5 22.Be3 Rxd1 23.Rxd1 Rc7 24.Rd6 Kf7 25.h4 Nh7 26.Bxc5 Nf8 27.Bb6 Rd7 
28.Rxd7+ Nxd7 29.Be3 g5 30.hxg5 hxg5 31.b4 Ke7 32.c5 Kd8 33.a4 Kc7 34.b5 
axb5 35.axb5 Bd5 36.Kf2 e5 37.Bd3 Nf8 38.Be4 Bxe4 39.fxe4 Ne6 40.Kf3 Ng7 
41.Ke2 Ne6 42.g3 g4 43.Kd3 Ng7 44.Kc4 1-0

[Event "2nd American Continental"]
[Site "Buenos Aires ARG"]
[Date "2003.08.26"]
[Round "8"]
[White "Ferrara, Alexis"]
[Black "Claverie, Raul"]
[Result "1/2-1/2"]
[WhiteElo "2210"]
[BlackElo "2303"]
[EventDate "2003.08.17"]
[PlyCount "27"]

1.d4 e6 2.Nf3 f5 3.g3 Nf6 4.Bg2 c6 5.c4 d5 6.O-O Bd6 7.Qc2 O-O 8.Nc3 Qe7 
9.Rb1 Ne4 10.b4 Nd7 11.b5 Ndf6 12.bxc6 bxc6 13.Ne5 Qc7 14.Nxe4 1/2-1/2

[Event "2nd American Continental"]
[Site "Buenos Aires ARG"]
[Date "2003.08.26"]
[Round "8"]
[White "Fiori, Hector"]
[Black "Soppe, Guillermo"]
[Result "1/2-1/2"]
[WhiteElo "2037"]
[BlackElo "2467"]
[EventDate "2003.08.17"]
[PlyCount "39"]

1.e4 Nc6 2.Nf3 e5 3.d4 exd4 4.Nxd4 Bb4+ 5.c3 Be7 6.Bd3 d6 7.O-O Nf6 8.Nxc6
bxc6 9.c4 O-O 10.Nc3 Ng4 11.b3 Bf6 12.Bb2 Be5 13.h3 Qh4 14.Be2 Nh6 15.Qd2 
f5 16.f4 Bf6 17.Bf3 Bb7 18.Kh2 Ng4+ 19.Kg1 Nh6 20.Kh2 1/2-1/2